000 00314nam a2200133Ia 4500
005 20260328104247.0
008 260328s9999||||xx |||||||||||||| ||und||
100 _aRàfols, J.F.
245 0 _aHistoria del Arte /
_cJ.F. Ràfols
260 _bRamon Sopena S.A
300 _a389 p.
650 _aARTE
942 _cBK
999 _c10107
_d10107